英語名からポケモン~ランダム20個~ - Statistics

General Stats
  • This quiz has been taken 217 times
  • The average score is 6 of 20
Answer Stats
番号 日本語 英語 % Correct
0001 フシギダネ Bulbasaur
100%
0002 フシギソウ Ivysaur
100%
0004 ヒトカゲ Charmander
100%
0006 リザードン Charizard
100%
0008 カメール Wartortle
100%
0010 キャタピー Caterpie
100%
0012 バタフリー Butterfree
100%
0022 オニドリル Fearow
100%
0025 ピカチュウ Pikachu
100%
0029 ニドラン♀ Nidoran♀
100%
0031 ニドクイン Nidoqueen
100%
0033 ニドリーノ Nidorino
100%
0037 ロコン Vulpix
100%
0038 キュウコン Ninetales
100%
0041 ズバット Zubat
100%
0042 ゴルバット Golbat
100%
0047 パラセクト Parasect
100%
0055 ゴルダック Golduck
100%
0066 ワンリキー Machop
100%
0082 レアコイル Magneton
100%
0086 パウワウ Seel
100%
0089 ベトベトン Muk
100%
0092 ゴース Gastly
100%
0099 キングラー Kingler
100%
0111 サイホーン Rhyhorn
100%
0112 サイドン Rhydon
100%
0123 ストライク Scyther
100%
0128 ケンタロス Tauros
100%
0137 ポリゴン Porygon
100%
0150 ミュウツー Mewtwo
100%
0151 ミュウ Mew
100%
0153 ベイリーフ Bayleef
100%
0165 レディバ Ledyba
100%
0166 レディアン Ledian
100%
0169 クロバット Crobat
100%
0172 ピチュー Pichu
100%
0175 トゲピー Togepi
100%
0176 トゲチック Togetic
100%
0183 マリル Marill
100%
0192 キマワリ Sunflora
100%
0193 ヤンヤンマ Yanma
100%
0199 ヤドキング Slowking
100%
0207 グライガー Gligar
100%
0210 グランブル Granbull
100%
0214 ヘラクロス Heracross
100%
0225 デリバード Delibird
100%
0239 エレキッド Elekid
100%
0241 ミルタンク Miltank
100%
0249 ルギア Lugia
100%
0263 ジグザグマ Zigzagoon
100%
0268 マユルド Cascoon
100%
0279 ペリッパー Pelipper
100%
0281 キルリア Kirlia
100%
0313 バルビート Volbeat
100%
0315 ロゼリア Roselia
100%
0330 フライゴン Flygon
100%
0337 ルナトーン Lunatone
100%
0357 トロピウス Tropius
100%
0359 アブソル Absol
100%
0367 ハンテール Huntail
100%
0376 メタグロス Metagross
100%
0383 グラードン Groudon
100%
0384 レックウザ Rayquaza
100%
0391 モウカザル Monferno
100%
0400 ビーダル Bibarel
100%
0407 ロズレイド Roserade
100%
0419 フローゼル Floatzel
100%
0422 カラナクシ Shellos
100%
0444 ガバイト Gabite
100%
0447 リオル Riolu
100%
0448 ルカリオ Lucario
100%
0449 ヒポポタス Hippopotas
100%
0450 カバルドン Hippowdon
100%
0460 ユキノオー Abomasnow
100%
0469 メガヤンマ Yanmega
100%
0486 レジギガス Regigigas
100%
0487 ギラティナ Giratina
100%
0491 ダークライ Darkrai
100%
0492 シェイミ Shaymin
100%
0494 ビクティニ Victini
100%
0510 レパルダス Liepard
100%
0517 ムンナ Munna
100%
0554 ダルマッカ Darumaka
100%
0573 チラチーノ Cinccino
100%
0581 スワンナ Swanna
100%
0585 シキジカ Deerling
100%
0619 コジョフー Mienfoo
100%
0639 テラキオン Terrakion
100%
0645 ランドロス Landorus
100%
0646 キュレム Kyurem
100%
0648 メロエッタ Meloetta
100%
0669 フラベベ Flabébé
100%
0680 ニダンギル Doublade
100%
0702 デデンネ Dedenne
100%
0718 ジガルデ Zygarde
100%
0719 ディアンシー Diancie
100%
0720 フーパ Hoopa
100%
0773 シルヴァディ Silvally
100%
0786 カプ・テテフ Tapu Lele
100%
0791 ソルガレオ Solgaleo
100%
0792 ルナアーラ Lunala
100%
0800 ネクロズマ Necrozma
100%
0802 マーシャドー Marshadow
100%
0809 メルメタル Melmetal
100%
0841 アップリュー Flapple
100%
0849 ストリンダー Toxtricity
100%
0867 デスバーン Runerigus
100%
0872 ユキハミ Snom
100%
0877 モルペコ Morpeko
100%
0889 ザマゼンタ Zamazenta
100%
0894 レジエレキ Regieleki
100%
0895 レジドラゴ Regidrago
100%
0923 パーモット Pawmot
100%
0943 マフィティフ Mabosstiff
100%
0952 スコヴィラン Scovillain
100%
0961 ウミトリオ Wugtrio
100%
0985 サケブシッポ Scream Tail (英語)
100%
0994 テツノドクガ Iron Moth (英語)
100%
1002 パオジアン Chien-Pao
100%
1006 テツノブジン Iron Valiant (英語)
100%
1007 コライドン Koraidon
100%
1017 オーガポン Ogerpon
100%
1024 テラパゴス Terapagos
100%
0474 ポリゴンZ Porygon-Z
100%
0381 ラティオス Latios
75%
0024 アーボック Arbok
67%
0133 イーブイ Eevee
67%
0348 アーマルド Armaldo
67%
0570 ゾロア Zorua
67%
0623 ゴルーグ Golurk
67%
0744 イワンコ Rockruff
67%
0007 ゼニガメ Squirtle
60%
0052 ニャース Meowth
60%
0090 シェルダー Shellder
50%
0104 カラカラ Cubone
50%
0116 タッツー Horsea
50%
0118 トサキント Goldeen
50%
0122 バリヤード Mr. Mime
50%
0138 オムナイト Omanyte
50%
0160 オーダイル Feraligatr
50%
0163 ホーホー Hoothoot
50%
0185 ウソッキー Sudowoodo
50%
0211 ハリーセン Qwilfish
50%
0232 ドンファン Donphan
50%
0245 スイクン Suicune
50%
0277 オオスバメ Swellow
50%
0290 ツチニン Nincada
50%
0296 マクノシタ Makuhita
50%
0350 ミロカロス Milotic
50%
0378 レジアイス Regice
50%
0379 レジスチル Registeel
50%
0409 ラムパルド Rampardos
50%
0445 ガブリアス Garchomp
50%
0470 リーフィア Leafeon
50%
0479 ロトム Rotom
50%
0489 フィオネ Phione
50%
0490 マナフィ Manaphy
50%
0515 ヒヤップ Panpour
50%
0582 バニプッチ Vanillite
50%
0644 ゼクロム Zekrom
50%
0671 フラージェス Florges
50%
0673 ゴーゴート Gogoat
50%
0705 ヌメイル Sliggoo
50%
0710 バケッチャ Pumpkaboo
50%
0711 パンプジン Gourgeist
50%
0713 クレベース Avalugg
50%
0717 イベルタル Yveltal
50%
0738 クワガノン Vikavolt
50%
0805 ツンデツンデ Stakataka
50%
0807 ゼラオラ Zeraora
50%
0813 ヒバニー Scorbunny
50%
0844 サダイジャ Sandaconda
50%
0858 ブリムオン Hatterene
50%
0869 マホイップ Alcremie
50%
0873 モスノウ Frosmoth
50%
0887 ドラパルト Dragapult
50%
0920 エクスレッグ Lokix
50%
0981 リキキリン Farigiraf
50%
0996 セビエ Frigibax
50%
1015 マシマシラ Munkidori
50%
1021 タケルライコ Raging Bolt (英語)
50%
0638 コバルオン Cobalion
40%
0097 スリーパー Hypno
33%
0218 マグマッグ Slugma
33%
0397 ムクバード Staravia
33%
0399 ビッパ Bidoof
33%
0466 エレキブル Electivire
33%
0691 ドラミドロ Dragalge
33%
0843 スナヘビ Silicobra
33%
1019 カミツオロチ Hydrapple
33%
1022 テツノイワオ Iron Boulder (英語)
33%
0302 ヤミラミ Sableye
25%
0963 ナミイルカ Finizen
20%
0003 フシギバナ Venusaur
0%
0005 リザード Charmeleon
0%
0009 カメックス Blastoise
0%
0011 トランセル Metapod
0%
0013 ビードル Weedle
0%
0014 コクーン Kakuna
0%
0015 スピアー Beedrill
0%
0016 ポッポ Pidgey
0%
0017 ピジョン Pidgeotto
0%
0018 ピジョット Pidgeot
0%
0019 コラッタ Rattata
0%
0020 ラッタ Raticate
0%
0021 オニスズメ Spearow
0%
0023 アーボ Ekans
0%
0026 ライチュウ Raichu
0%
0027 サンド Sandshrew
0%
0028 サンドパン Sandslash
0%
0030 ニドリーナ Nidorina
0%
0032 ニドラン♂ Nidoran♂
0%
0034 ニドキング Nidoking
0%
0035 ピッピ Clefairy
0%
0036 ピクシー Clefable
0%
0039 プリン Jigglypuff
0%
0040 プクリン Wigglytuff
0%
0043 ナゾノクサ Oddish
0%
0044 クサイハナ Gloom
0%
0045 ラフレシア Vileplume
0%
0046 パラス Paras
0%
0048 コンパン Venonat
0%
0049 モルフォン Venomoth
0%
0050 ディグダ Diglett
0%
0051 ダグトリオ Dugtrio
0%
0053 ペルシアン Persian
0%
0054 コダック Psyduck
0%
0056 マンキー Mankey
0%
0057 オコリザル Primeape
0%
0058 ガーディ Growlithe
0%
0059 ウインディ Arcanine
0%
0060 ニョロモ Poliwag
0%
0061 ニョロゾ Poliwhirl
0%
0062 ニョロボン Poliwrath
0%
0063 ケーシィ Abra
0%
0064 ユンゲラー Kadabra
0%
0065 フーディン Alakazam
0%
0067 ゴーリキー Machoke
0%
0068 カイリキー Machamp
0%
0069 マダツボミ Bellsprout
0%
0070 ウツドン Weepinbell
0%
0071 ウツボット Victreebel
0%
0072 メノクラゲ Tentacool
0%
0073 ドククラゲ Tentacruel
0%
0074 イシツブテ Geodude
0%
0075 ゴローン Graveler
0%
0076 ゴローニャ Golem
0%
0077 ポニータ Ponyta
0%
0078 ギャロップ Rapidash
0%
0079 ヤドン Slowpoke
0%
0080 ヤドラン Slowbro
0%
0081 コイル Magnemite
0%
0083 カモネギ Farfetch'd
0%
0084 ドードー Doduo
0%
0085 ドードリオ Dodrio
0%
0087 ジュゴン Dewgong
0%
0088 ベトベター Grimer
0%
0091 パルシェン Cloyster
0%
0093 ゴースト Haunter
0%
0094 ゲンガー Gengar
0%
0095 イワーク Onix
0%
0096 スリープ Drowzee
0%
0098 クラブ Krabby
0%
0100 ビリリダマ Voltorb
0%
0101 マルマイン Electrode
0%
0102 タマタマ Exeggcute
0%
0103 ナッシー Exeggutor
0%
0105 ガラガラ Marowak
0%
0106 サワムラー Hitmonlee
0%
0107 エビワラー Hitmonchan
0%
0108 ベロリンガ Lickitung
0%
0109 ドガース Koffing
0%
0110 マタドガス Weezing
0%
0113 ラッキー Chansey
0%
0114 モンジャラ Tangela
0%
0115 ガルーラ Kangaskhan
0%
0117 シードラ Seadra
0%
0119 アズマオウ Seaking
0%
0120 ヒトデマン Staryu
0%
0121 スターミー Starmie
0%
0124 ルージュラ Jynx
0%
0125 エレブー Electabuzz
0%
0126 ブーバー Magmar
0%
0127 カイロス Pinsir
0%
0129 コイキング Magikarp
0%
0130 ギャラドス Gyarados
0%
0131 ラプラス Lapras
0%
0132 メタモン Ditto
0%
0134 シャワーズ Vaporeon
0%
0135 サンダース Jolteon
0%
0136 ブースター Flareon
0%
0139 オムスター Omastar
0%
0140 カブト Kabuto
0%
0141 カブトプス Kabutops
0%
0142 プテラ Aerodactyl
0%
0143 カビゴン Snorlax
0%
0144 フリーザー Articuno
0%
0145 サンダー Zapdos
0%
0146 ファイヤー Moltres
0%
0147 ミニリュウ Dratini
0%
0148 ハクリュー Dragonair
0%
0149 カイリュー Dragonite
0%
0152 チコリータ Chikorita
0%
0154 メガニウム Meganium
0%
0155 ヒノアラシ Cyndaquil
0%
0156 マグマラシ Quilava
0%
0157 バクフーン Typhlosion
0%
0158 ワニノコ Totodile
0%
0159 アリゲイツ Croconaw
0%
0161 オタチ Sentret
0%
0162 オオタチ Furret
0%
0164 ヨルノズク Noctowl
0%
0167 イトマル Spinarak
0%
0168 アリアドス Ariados
0%
0170 チョンチー Chinchou
0%
0171 ランターン Lanturn
0%
0173 ピィ Cleffa
0%
0174 ププリン Igglybuff
0%
0177 ネイティ Natu
0%
0178 ネイティオ Xatu
0%
0179 メリープ Mareep
0%
0180 モココ Flaaffy
0%
0181 デンリュウ Ampharos
0%
0182 キレイハナ Bellossom
0%
0184 マリルリ Azumarill
0%
0186 ニョロトノ Politoed
0%
0187 ハネッコ Hoppip
0%
0188 ポポッコ Skiploom
0%
0189 ワタッコ Jumpluff
0%
0190 エイパム Aipom
0%
0191 ヒマナッツ Sunkern
0%
0194 ウパー Wooper
0%
0195 ヌオー Quagsire
0%
0196 エーフィ Espeon
0%
0197 ブラッキー Umbreon
0%
0198 ヤミカラス Murkrow
0%
0200 ムウマ Misdreavus
0%
0201 アンノーン Unown
0%
0202 ソーナンス Wobbuffet
0%
0203 キリンリキ Girafarig
0%
0204 クヌギダマ Pineco
0%
0205 フォレトス Forretress
0%
0206 ノコッチ Dunsparce
0%
0208 ハガネール Steelix
0%
0209 ブルー Snubbull
0%
0212 ハッサム Scizor
0%
0213 ツボツボ Shuckle
0%
0215 ニューラ Sneasel
0%
0216 ヒメグマ Teddiursa
0%
0217 リングマ Ursaring
0%
0219 マグカルゴ Magcargo
0%
0220 ウリムー Swinub
0%
0221 イノムー Piloswine
0%
0222 サニーゴ Corsola
0%
0223 テッポウオ Remoraid
0%
0224 オクタン Octillery
0%
0226 マンタイン Mantine
0%
0227 エアームド Skarmory
0%
0228 デルビル Houndour
0%
0229 ヘルガー Houndoom
0%
0230 キングドラ Kingdra
0%
0231 ゴマゾウ Phanpy
0%
0234 オドシシ Stantler
0%
0235 ドーブル Smeargle
0%
0236 バルキー Tyrogue
0%
0237 カポエラー Hitmontop
0%
0238 ムチュール Smoochum
0%
0240 ブビィ Magby
0%
0242 ハピナス Blissey
0%
0243 ライコウ Raikou
0%
0244 エンテイ Entei
0%
0246 ヨーギラス Larvitar
0%
0247 サナギラス Pupitar
0%
0248 バンギラス Tyranitar
0%
0250 ホウオウ Ho-Oh
0%
0251 セレビィ Celebi
0%
0252 キモリ Treecko
0%
0253 ジュプトル Grovyle
0%
0254 ジュカイン Sceptile
0%
0255 アチャモ Torchic
0%
0256 ワカシャモ Combusken
0%
0257 バシャーモ Blaziken
0%
0258 ミズゴロウ Mudkip
0%
0259 ヌマクロー Marshtomp
0%
0260 ラグラージ Swampert
0%
0261 ポチエナ Poochyena
0%
0262 グラエナ Mightyena
0%
0264 マッスグマ Linoone
0%
0265 ケムッソ Wurmple
0%
0266 カラサリス Silcoon
0%
0267 アゲハント Beautifly
0%
0269 ドクケイル Dustox
0%
0270 ハスボー Lotad
0%
0271 ハスブレロ Lombre
0%
0272 ルンパッパ Ludicolo
0%
0273 タネボー Seedot
0%
0274 コノハナ Nuzleaf
0%
0275 ダーテング Shiftry
0%
0276 スバメ Taillow
0%
0278 キャモメ Wingull
0%
0280 ラルトス Ralts
0%
0282 サーナイト Gardevoir
0%
0283 アメタマ Surskit
0%
0284 アメモース Masquerain
0%
0285 キノココ Shroomish
0%
0286 キノガッサ Breloom
0%
0287 ナマケロ Slakoth
0%
0288 ヤルキモノ Vigoroth
0%
0289 ケッキング Slaking
0%
0291 テッカニン Ninjask
0%
0292 ヌケニン Shedinja
0%
0293 ゴニョニョ Whismur
0%
0294 ドゴーム Loudred
0%
0295 バクオング Exploud
0%
0297 ハリテヤマ Hariyama
0%
0298 ルリリ Azurill
0%
0299 ノズパス Nosepass
0%
0300 エネコ Skitty
0%
0301 エネコロロ Delcatty
0%
0303 クチート Mawile
0%
0304 ココドラ Aron
0%
0305 コドラ Lairon
0%
0306 ボスゴドラ Aggron
0%
0307 アサナン Meditite
0%
0308 チャーレム Medicham
0%
0309 ラクライ Electrike
0%
0310 ライボルト Manectric
0%
0311 プラスル Plusle
0%
0312 マイナン Minun
0%
0314 イルミーゼ Illumise
0%
0316 ゴクリン Gulpin
0%
0317 マルノーム Swalot
0%
0318 キバニア Carvanha
0%
0319 サメハダー Sharpedo
0%
0320 ホエルコ Wailmer
0%
0321 ホエルオー Wailord
0%
0322 ドンメル Numel
0%
0323 バクーダ Camerupt
0%
0324 コータス Torkoal
0%
0325 バネブー Spoink
0%
0326 ブーピッグ Grumpig
0%
0327 パッチール Spinda
0%
0328 ナックラー Trapinch
0%
0329 ビブラーバ Vibrava
0%
0331 サボネア Cacnea
0%
0332 ノクタス Cacturne
0%
0333 チルット Swablu
0%
0334 チルタリス Altaria
0%
0335 ザングース Zangoose
0%
0336 ハブネーク Seviper
0%
0338 ソルロック Solrock
0%
0339 ドジョッチ Barboach
0%
0340 ナマズン Whiscash
0%
0341 ヘイガニ Corphish
0%
0342 シザリガー Crawdaunt
0%
0343 ヤジロン Baltoy
0%
0344 ネンドール Claydol
0%
0345 リリーラ Lileep
0%
0346 ユレイドル Cradily
0%
0347 アノプス Anorith
0%
0349 ヒンバス Feebas
0%
0351 ポワルン Castform
0%
0352 カクレオン Kecleon
0%
0353 カゲボウズ Shuppet
0%
0354 ジュペッタ Banette
0%
0355 ヨマワル Duskull
0%
0356 サマヨール Dusclops
0%
0358 チリーン Chimecho
0%
0360 ソーナノ Wynaut
0%
0361 ユキワラシ Snorunt
0%
0362 オニゴーリ Glalie
0%
0363 タマザラシ Spheal
0%
0364 トドグラー Sealeo
0%
0365 トドゼルガ Walrein
0%
0366 パールル Clamperl
0%
0368 サクラビス Gorebyss
0%
0369 ジーランス Relicanth
0%
0370 ラブカス Luvdisc
0%
0371 タツベイ Bagon
0%
0372 コモルー Shelgon
0%
0373 ボーマンダ Salamence
0%
0374 ダンバル Beldum
0%
0375 メタング Metang
0%
0377 レジロック Regirock
0%
0380 ラティアス Latias
0%
0382 カイオーガ Kyogre
0%
0385 ジラーチ Jirachi
0%
0386 デオキシス Deoxys
0%
0387 ナエトル Turtwig
0%
0388 ハヤシガメ Grotle
0%
0389 ドダイトス Torterra
0%
0390 ヒコザル Chimchar
0%
0392 ゴウカザル Infernape
0%
0393 ポッチャマ Piplup
0%
0394 ポッタイシ Prinplup
0%
0395 エンペルト Empoleon
0%
0396 ムックル Starly
0%
0398 ムクホーク Staraptor
0%
0401 コロボーシ Kricketot
0%
0402 コロトック Kricketune
0%
0403 コリンク Shinx
0%
0404 ルクシオ Luxio
0%
0405 レントラー Luxray
0%
0406 スボミー Budew
0%
0408 ズガイドス Cranidos
0%
0410 タテトプス Shieldon
0%
0411 トリデプス Bastiodon
0%
0412 ミノムッチ Burmy
0%
0413 ミノマダム Wormadam
0%
0414 ガーメイル Mothim
0%
0415 ミツハニー Combee
0%
0416 ビークイン Vespiquen
0%
0417 パチリス Pachirisu
0%
0418 ブイゼル Buizel
0%
0420 チェリンボ Cherubi
0%
0421 チェリム Cherrim
0%
0423 トリトドン Gastrodon
0%
0424 エテボース Ambipom
0%
0425 フワンテ Drifloon
0%
0426 フワライド Drifblim
0%
0427 ミミロル Buneary
0%
0428 ミミロップ Lopunny
0%
0429 ムウマージ Mismagius
0%
0430 ドンカラス Honchkrow
0%
0431 ニャルマー Glameow
0%
0432 ブニャット Purugly
0%
0433 リーシャン Chingling
0%
0434 スカンプー Stunky
0%
0435 スカタンク Skuntank
0%
0436 ドーミラー Bronzor
0%
0437 ドータクン Bronzong
0%
0438 ウソハチ Bonsly
0%
0439 マネネ Mime Jr.
0%
0440 ピンプク Happiny
0%
0441 ペラップ Chatot
0%
0442 ミカルゲ Spiritomb
0%
0443 フカマル Gible
0%
0446 ゴンベ Munchlax
0%
0451 スコルピ Skorupi
0%
0452 ドラピオン Drapion
0%
0453 グレッグル Croagunk
0%
0454 ドクロッグ Toxicroak
0%
0455 マスキッパ Carnivine
0%
0456 ケイコウオ Finneon
0%
0457 ネオラント Lumineon
0%
0458 タマンタ Mantyke
0%
0459 ユキカブリ Snover
0%
0461 マニューラ Weavile
0%
0462 ジバコイル Magnezone
0%
0463 ベロベルト Lickilicky
0%
0464 ドサイドン Rhyperior
0%
0465 モジャンボ Tangrowth
0%
0467 ブーバーン Magmortar
0%
0468 トゲキッス Togekiss
0%
0471 グレイシア Glaceon
0%
0472 グライオン Gliscor
0%
0473 マンムー Mamoswine
0%
0475 エルレイド Gallade
0%
0476 ダイノーズ Probopass
0%
0477 ヨノワール Dusknoir
0%
0478 ユキメノコ Froslass
0%
0480 ユクシー Uxie
0%
0481 エムリット Mesprit
0%
0482 アグノム Azelf
0%
0483 ディアルガ Dialga
0%
0484 パルキア Palkia
0%
0485 ヒードラン Heatran
0%
0488 クレセリア Cresselia
0%
0493 アルセウス Arceus
0%
0495 ツタージャ Snivy
0%
0496 ジャノビー Servine
0%
0497 ジャローダ Serperior
0%
0498 ポカブ Tepig
0%
0499 チャオブー Pignite
0%
0500 エンブオー Emboar
0%
0501 ミジュマル Oshawott
0%
0502 フタチマル Dewott
0%
0503 ダイケンキ Samurott
0%
0504 ミネズミ Patrat
0%
0505 ミルホッグ Watchog
0%
0506 ヨーテリー Lillipup
0%
0507 ハーデリア Herdier
0%
0508 ムーランド Stoutland
0%
0509 チョロネコ Purrloin
0%
0511 ヤナップ Pansage
0%
0512 ヤナッキー Simisage
0%
0513 バオップ Pansear
0%
0514 バオッキー Simisear
0%
0516 ヒヤッキー Simipour
0%
0518 ムシャーナ Musharna
0%
0519 マメパト Pidove
0%
0520 ハトーボー Tranquill
0%
0521 ケンホロウ Unfezant
0%
0522 シママ Blitzle
0%
0523 ゼブライカ Zebstrika
0%
0524 ダンゴロ Roggenrola
0%
0525 ガントル Boldore
0%
0526 ギガイアス Gigalith
0%
0527 コロモリ Woobat
0%
0528 ココロモリ Swoobat
0%
0529 モグリュー Drilbur
0%
0530 ドリュウズ Excadrill
0%
0531 タブンネ Audino
0%
0532 ドッコラー Timburr
0%
0533 ドテッコツ Gurdurr
0%
0534 ローブシン Conkeldurr
0%
0535 オタマロ Tympole
0%
0536 ガマガル Palpitoad
0%
0537 ガマゲロゲ Seismitoad
0%
0538 ナゲキ Throh
0%
0539 ダゲキ Sawk
0%
0540 クルミル Sewaddle
0%
0541 クルマユ Swadloon
0%
0542 ハハコモリ Leavanny
0%
0543 フシデ Venipede
0%
0544 ホイーガ Whirlipede
0%
0545 ペンドラー Scolipede
0%
0546 モンメン Cottonee
0%
0547 エルフーン Whimsicott
0%
0548 チュリネ Petilil
0%
0549 ドレディア Lilligant
0%
0550 バスラオ Basculin
0%
0551 メグロコ Sandile
0%
0552 ワルビル Krokorok
0%
0553 ワルビアル Krookodile
0%
0555 ヒヒダルマ Darmanitan
0%
0556 マラカッチ Maractus
0%
0557 イシズマイ Dwebble
0%
0558 イワパレス Crustle
0%
0559 ズルッグ Scraggy
0%
0560 ズルズキン Scrafty
0%
0561 シンボラー Sigilyph
0%
0562 デスマス Yamask
0%
0563 デスカーン Cofagrigus
0%
0564 プロトーガ Tirtouga
0%
0565 アバゴーラ Carracosta
0%
0566 アーケン Archen
0%
0567 アーケオス Archeops
0%
0568 ヤブクロン Trubbish
0%
0569 ダストダス Garbodor
0%
0571 ゾロアーク Zoroark
0%
0572 チラーミィ Minccino
0%
0574 ゴチム Gothita
0%
0575 ゴチミル Gothorita
0%
0576 ゴチルゼル Gothitelle
0%
0577 ユニラン Solosis
0%
0578 ダブラン Duosion
0%
0579 ランクルス Reuniclus
0%
0580 コアルヒー Ducklett
0%
0583 バニリッチ Vanillish
0%
0584 バイバニラ Vanilluxe
0%
0586 メブキジカ Sawsbuck
0%
0587 エモンガ Emolga
0%
0588 カブルモ Karrablast
0%
0589 シュバルゴ Escavalier
0%
0590 タマゲタケ Foongus
0%
0591 モロバレル Amoonguss
0%
0592 プルリル Frillish
0%
0593 ブルンゲル Jellicent
0%
0594 ママンボウ Alomomola
0%
0595 バチュル Joltik
0%
0596 デンチュラ Galvantula
0%
0597 テッシード Ferroseed
0%
0598 ナットレイ Ferrothorn
0%
0599 ギアル Klink
0%
0600 ギギアル Klang
0%
0601 ギギギアル Klinklang
0%
0602 シビシラス Tynamo
0%
0603 シビビール Eelektrik
0%
0604 シビルドン Eelektross
0%
0605 リグレー Elgyem
0%
0606 オーベム Beheeyem
0%
0607 ヒトモシ Litwick
0%
0608 ランプラー Lampent
0%
0609 シャンデラ Chandelure
0%
0610 キバゴ Axew
0%
0611 オノンド Fraxure
0%
0612 オノノクス Haxorus
0%
0613 クマシュン Cubchoo
0%
0614 ツンベアー Beartic
0%
0615 フリージオ Cryogonal
0%
0616 チョボマキ Shelmet
0%
0617 アギルダー Accelgor
0%
0618 マッギョ Stunfisk
0%
0620 コジョンド Mienshao
0%
0621 クリムガン Druddigon
0%
0622 ゴビット Golett
0%
0624 コマタナ Pawniard
0%
0625 キリキザン Bisharp
0%
0626 バッフロン Bouffalant
0%
0627 ワシボン Rufflet
0%
0628 ウォーグル Braviary
0%
0629 バルチャイ Vullaby
0%
0630 バルジーナ Mandibuzz
0%
0631 クイタラン Heatmor
0%
0632 アイアント Durant
0%
0633 モノズ Deino
0%
0634 ジヘッド Zweilous
0%
0635 サザンドラ Hydreigon
0%
0636 メラルバ Larvesta
0%
0637 ウルガモス Volcarona
0%
0640 ビリジオン Virizion
0%
0641 トルネロス Tornadus
0%
0642 ボルトロス Thundurus
0%
0643 レシラム Reshiram
0%
0647 ケルディオ Keldeo
0%
0649 ゲノセクト Genesect
0%
0650 ハリマロン Chespin
0%
0651 ハリボーグ Quilladin
0%
0652 ブリガロン Chesnaught
0%
0653 フォッコ Fennekin
0%
0654 テールナー Braixen
0%
0655 マフォクシー Delphox
0%
0656 ケロマツ Froakie
0%
0657 ゲコガシラ Frogadier
0%
0658 ゲッコウガ Greninja
0%
0659 ホルビー Bunnelby
0%
0660 ホルード Diggersby
0%
0661 ヤヤコマ Fletchling
0%
0662 ヒノヤコマ Fletchinder
0%
0663 ファイアロー Talonflame
0%
0664 コフキムシ Scatterbug
0%
0665 コフーライ Spewpa
0%
0666 ビビヨン Vivillon
0%
0667 シシコ Litleo
0%
0668 カエンジシ Pyroar
0%
0670 フラエッテ Floette
0%
0672 メェークル Skiddo
0%
0674 ヤンチャム Pancham
0%
0675 ゴロンダ Pangoro
0%
0676 トリミアン Furfrou
0%
0677 ニャスパー Espurr
0%
0678 ニャオニクス Meowstic
0%
0679 ヒトツキ Honedge
0%
0681 ギルガルド Aegislash
0%
0682 シュシュプ Spritzee
0%
0683 フレフワン Aromatisse
0%
0684 ペロッパフ Swirlix
0%
0685 ペロリーム Slurpuff
0%
0686 マーイーカ Inkay
0%
0687 カラマネロ Malamar
0%
0688 カメテテ Binacle
0%
0689 ガメノデス Barbaracle
0%
0690 クズモー Skrelp
0%
0692 ウデッポウ Clauncher
0%
0693 ブロスター Clawitzer
0%
0694 エリキテル Helioptile
0%
0695 エレザード Heliolisk
0%
0696 チゴラス Tyrunt
0%
0697 ガチゴラス Tyrantrum
0%
0698 アマルス Amaura
0%
0699 アマルルガ Aurorus
0%
0700 ニンフィア Sylveon
0%
0701 ルチャブル Hawlucha
0%
0703 メレシー Carbink
0%
0704 ヌメラ Goomy
0%
0706 ヌメルゴン Goodra
0%
0707 クレッフィ Klefki
0%
0708 ボクレー Phantump
0%
0709 オーロット Trevenant
0%
0712 カチコール Bergmite
0%
0714 オンバット Noibat
0%
0715 オンバーン Noivern
0%
0716 ゼルネアス Xerneas
0%
0721 ボルケニオン Volcanion
0%
0722 モクロー Rowlet
0%
0723 フクスロー Dartrix
0%
0724 ジュナイパー Decidueye
0%
0725 ニャビー Litten
0%
0726 ニャヒート Torracat
0%
0727 ガオガエン Incineroar
0%
0728 アシマリ Popplio
0%
0729 オシャマリ Brionne
0%
0730 アシレーヌ Primarina
0%
0731 ツツケラ Pikipek
0%
0732 ケララッパ Trumbeak
0%
0733 ドデカバシ Toucannon
0%
0734 ヤングース Yungoos
0%
0735 デカグース Gumshoos
0%
0736 アゴジムシ Grubbin
0%
0737 デンヂムシ Charjabug
0%
0739 マケンカニ Crabrawler
0%
0740 ケケンカニ Crabominable
0%
0741 オドリドリ Oricorio
0%
0742 アブリー Cutiefly
0%
0743 アブリボン Ribombee
0%
0745 ルガルガン Lycanroc
0%
0746 ヨワシ Wishiwashi
0%
0747 ヒドイデ Mareanie
0%
0748 ドヒドイデ Toxapex
0%
0749 ドロバンコ Mudbray
0%
0750 バンバドロ Mudsdale
0%
0751 シズクモ Dewpider
0%
0752 オニシズクモ Araquanid
0%
0753 カリキリ Fomantis
0%
0754 ラランテス Lurantis
0%
0755 ネマシュ Morelull
0%
0756 マシェード Shiinotic
0%
0757 ヤトウモリ Salandit
0%
0758 エンニュート Salazzle
0%
0759 ヌイコグマ Stufful
0%
0760 キテルグマ Bewear
0%
0761 アマカジ Bounsweet
0%
0762 アママイコ Steenee
0%
0763 アマージョ Tsareena
0%
0764 キュワワー Comfey
0%
0765 ヤレユータン Oranguru
0%
0766 ナゲツケサル Passimian
0%
0767 コソクムシ Wimpod
0%
0768 グソクムシャ Golisopod
0%
0769 スナバァ Sandygast
0%
0770 シロデスナ Palossand
0%
0771 ナマコブシ Pyukumuku
0%
0772 タイプ:ヌル Type: Null
0%
0774 メテノ Minior
0%
0775 ネッコアラ Komala
0%
0776 バクガメス Turtonator
0%
0777 トゲデマル Togedemaru
0%
0778 ミミッキュ Mimikyu
0%
0779 ハギギシリ Bruxish
0%
0780 ジジーロン Drampa
0%
0781 ダダリン Dhelmise
0%
0782 ジャラコ Jangmo-o
0%
0783 ジャランゴ Hakamo-o
0%
0784 ジャラランガ Kommo-o
0%
0785 カプ・コケコ Tapu Koko
0%
0787 カプ・ブルル Tapu Bulu
0%
0788 カプ・レヒレ Tapu Fini
0%
0789 コスモッグ Cosmog
0%
0790 コスモウム Cosmoem
0%
0793 ウツロイド Nihilego
0%
0794 マッシブーン Buzzwole
0%
0795 フェローチェ Pheromosa
0%
0796 デンジュモク Xurkitree
0%
0797 テッカグヤ Celesteela
0%
0798 カミツルギ Kartana
0%
0799 アクジキング Guzzlord
0%
0801 マギアナ Magearna
0%
0803 ベベノム Poipole
0%
0804 アーゴヨン Naganadel
0%
0806 ズガドーン Blacephalon
0%
0808 メルタン Meltan
0%
0810 サルノリ Grookey
0%
0811 バチンキー Thwackey
0%
0812 ゴリランダー Rillaboom
0%
0814 ラビフット Raboot
0%
0815 エースバーン Cinderace
0%
0816 メッソン Sobble
0%
0817 ジメレオン Drizzile
0%
0818 インテレオン Inteleon
0%
0819 ホシガリス Skwovet
0%
0820 ヨクバリス Greedent
0%
0821 ココガラ Rookidee
0%
0822 アオガラス Corvisquire
0%
0823 アーマーガア Corviknight
0%
0824 サッチムシ Blipbug
0%
0825 レドームシ Dottler
0%
0826 イオルブ Orbeetle
0%
0827 クスネ Nickit
0%
0828 フォクスライ Thievul
0%
0829 ヒメンカ Gossifleur
0%
0830 ワタシラガ Eldegoss
0%
0831 ウールー Wooloo
0%
0832 バイウールー Dubwool
0%
0833 カムカメ Chewtle
0%
0834 カジリガメ Drednaw
0%
0835 ワンパチ Yamper
0%
0836 パルスワン Boltund
0%
0837 タンドン Rolycoly
0%
0838 トロッゴン Carkol
0%
0839 セキタンザン Coalossal
0%
0840 カジッチュ Applin
0%
0842 タルップル Appletun
0%
0845 ウッウ Cramorant
0%
0846 サシカマス Arrokuda
0%
0847 カマスジョー Barraskewda
0%
0848 エレズン Toxel
0%
0850 ヤクデ Sizzlipede
0%
0851 マルヤクデ Centiskorch
0%
0852 タタッコ Clobbopus
0%
0853 オトスパス Grapploct
0%
0854 ヤバチャ Sinistea
0%
0855 ポットデス Polteageist
0%
0856 ミブリム Hatenna
0%
0857 テブリム Hattrem
0%
0859 ベロバー Impidimp
0%
0860 ギモー Morgrem
0%
0861 オーロンゲ Grimmsnarl
0%
0862 タチフサグマ Obstagoon
0%
0863 ニャイキング Perrserker
0%
0864 サニゴーン Cursola
0%
0865 ネギガナイト Sirfetch'd
0%
0866 バリコオル Mr. Rime
0%
0868 マホミル Milcery
0%
0870 タイレーツ Falinks
0%
0871 バチンウニ Pincurchin
0%
0874 イシヘンジン Stonjourner
0%
0875 コオリッポ Eiscue
0%
0876 イエッサン Indeedee
0%
0878 ゾウドウ Cufant
0%
0879 ダイオウドウ Copperajah
0%
0880 パッチラゴン Dracozolt
0%
0881 パッチルドン Arctozolt
0%
0882 ウオノラゴン Dracovish
0%
0883 ウオチルドン Arctovish
0%
0884 ジュラルドン Duraludon
0%
0885 ドラメシヤ Dreepy
0%
0886 ドロンチ Drakloak
0%
0888 ザシアン Zacian
0%
0890 ムゲンダイナ Eternatus
0%
0891 ダクマ Kubfu
0%
0892 ウーラオス Urshifu
0%
0893 ザルード Zarude
0%
0896 ブリザポス Glastrier
0%
0897 レイスポス Spectrier
0%
0898 バドレックス Calyrex
0%
0899 アヤシシ Wyrdeer
0%
0900 バサギリ Kleavor
0%
0901 ガチグマ Ursaluna
0%
0902 イダイトウ Basculegion
0%
0903 オオニューラ Sneasler
0%
0904 ハリーマン Overqwil
0%
0905 ラブトロス Enamorus
0%
番号 日本語 英語、イタリア語、スペイン語
0%
0906 ニャオハ Sprigatito
0%
0907 ニャローテ Floragato
0%
0908 マスカーニャ Meowscarada
0%
0909 ホゲータ Fuecoco
0%
0910 アチゲータ Crocalor
0%
0911 ラウドボーン Skeledirge
0%
0912 クワッス Quaxly
0%
0913 ウェルカモ Quaxwell
0%
0914 ウェーニバル Quaquaval
0%
0915 グルトン Lechonk
0%
0916 パフュートン Oinkologne
0%
0917 タマンチュラ Tarountula
0%
0918 ワナイダー Spidops
0%
0919 マメバッタ Nymble
0%
0921 パモ Pawmi
0%
0922 パモット Pawmo
0%
0924 ワッカネズミ Tandemaus
0%
0925 イッカネズミ Maushold
0%
0926 パピモッチ Fidough
0%
0927 バウッツェル Dachsbun
0%
0928 ミニーブ Smoliv
0%
0929 オリーニョ Dolliv
0%
0930 オリーヴァ Arboliva
0%
0931 イキリンコ Squawkabilly
0%
0932 コジオ Nacli
0%
0933 ジオヅム Naclstack
0%
0934 キョジオーン Garganacl
0%
0935 カルボウ Charcadet
0%
0936 グレンアルマ Armarouge
0%
0937 ソウブレイズ Ceruledge
0%
0938 ズピカ Tadbulb
0%
0939 ハラバリー Bellibolt
0%
0940 カイデン Wattrel
0%
0941 タイカイデン Kilowattrel
0%
0942 オラチフ Maschiff
0%
0944 シルシュルー Shroodle
0%
0945 タギングル Grafaiai
0%
0946 アノクサ Bramblin
0%
0947 アノホラグサ Brambleghast
0%
0948 ノノクラゲ Toedscool
0%
0949 リククラゲ Toedscruel
0%
0950 ガケガニ Klawf
0%
0951 カプサイジ Capsakid
0%
0953 シガロコ Rellor
0%
0954 ベラカス Rabsca
0%
0955 ヒラヒナ Flittle
0%
0956 クエスパトラ Espathra
0%
0957 カヌチャン Tinkatink
0%
0958 ナカヌチャン Tinkatuff
0%
0959 デカヌチャン Tinkaton
0%
0960 ウミディグダ Wiglett
0%
0962 オトシドリ Bombirdier
0%
0964 イルカマン Palafin
0%
0965 ブロロン Varoom
0%
0966 ブロロローム Revavroom
0%
0967 モトトカゲ Cyclizar
0%
0968 ミミズズ Orthworm
0%
0969 キラーメ Glimmet
0%
0970 キラフロル Glimmora
0%
0971 ボチ Greavard
0%
0972 ハカドッグ Houndstone
0%
0973 カラミンゴ Flamigo
0%
0974 アルクジラ Cetoddle
0%
0975 ハルクジラ Cetitan
0%
0976 ミガルーサ Veluza
0%
0977 ヘイラッシャ Dondozo
0%
0978 シャリタツ Tatsugiri
0%
0979 コノヨザル Annihilape
0%
0980 ドオー Clodsire
0%
0982 ノココッチ Dudunsparce
0%
0983 ドドゲザン Kingambit
0%
0984 イダイナキバ Great Tusk (英語)
0%
0986 アラブルタケ Brute Bonnet (英語)
0%
0987 ハバタクカミ Flutter Mane (英語)
0%
0988 チヲハウハネ Slither Wing (英語)
0%
0989 スナノケガワ Sandy Shocks (英語)
0%
0990 テツノワダチ Iron Treads (英語)
0%
0991 テツノツツミ Iron Bundle (英語)
0%
0992 テツノカイナ Iron Hands (英語)
0%
0993 テツノコウベ Iron Jugulis (英語)
0%
0995 テツノイバラ Iron Thorns (英語)
0%
0997 セゴール Arctibax
0%
0998 セグレイブ Baxcalibur
0%
0999 コレクレー Gimmighoul
0%
1000 サーフゴー Gholdengo
0%
1001 チオンジェン Wo-Chien
0%
1003 ディンルー Ting-Lu
0%
1004 イーユイ Chi-Yu
0%
1005 トドロクツキ Roaring Moon (英語)
0%
1008 ミライドン Miraidon
0%
1009 ウネルミナモ Walking Wake (英語)
0%
1010 テツノイサハ Iron Leaves (英語)
0%
1011 カミッチュ Dipplin
0%
1012 チャデス Poltchageist
0%
1013 ヤバソチャ Sinistcha
0%
1014 イイネイヌ Okidogi
0%
1016 キチキギス Fezandipiti
0%
1018 ブリジュラス Archaludon
0%
1020 ウガツホムラ Gouging Fire (英語)
0%
1023 テツノカシラ Iron Crown (英語)
0%
1025 モモワロウ Pecharunt
0%
0233 ポリゴン2 Porygon2
0%
No matching quizzes found
Score Distribution
Percent of People with Each Score
Percentile by Number Answered
Your Score History
You have not taken this quiz